01298cam a22003495a 4500001000800000005001700008008004100025020001800066020001500084040003300099082002000132100003800152245013800190246005600328246003300384250001200417260003800429300002900467490002900496500005000525500002400575504002700599650004400626650003300670651001000703653002400713700003100737700002900768942000800797999001700805952012600822103585620161024111729.0890905t1990 nyua frb 001 0 eng d a9780070170476 a0070170479 aDLCcDLCdDLCdEG-ScBUEbeng04a629.83222bDIS1 aDiStefano, Joseph J.,934979cIII10aSchaum's outline of theory and problems of feedback and control systems /cJoseph J. DiStefano, Allen R. Stubberud, Ivan J. Williams.30aTheory and problems of feedback and control systems18aFeedback and control systems a2nd ed. aNew York :bMcGraw-Hill,cc.1990. a496 p. :bill. ;c28 cm.0 aSchaum's outline series. a"Continuous (analog) and discrete (digital)." aIndex : p. 491-496. aBibliography : p. 489. 7aFeedback control systems.2BUEsh919100 7aControl theory.2BUEsh93461 2BUEsh bENGGENcOctober20161 aStubberud, Allen R.9191291 aWilliams, Ivan J.919130 2ddc c22818d22790 00102ddc40708BaccahaMAINbMAINc1STd2016-10-24ePurchaseg520.00l0o629.83 DISp000034464r2025-07-15 00:00:00yBB